| 000 | 00557nam a2200169 a 4500 | ||
|---|---|---|---|
| 005 | 20210219160317.0 | ||
| 008 | 081009s2000 mx r 000 0 spa d | ||
| 035 | _aUPN01000163056 | ||
| 049 | _aUNE | ||
| 080 | _aDO 341.123: 330.24 (100) "1991" INF. | ||
| 245 | 0 | 0 | _aInforme anual 1991: El desafĂo del medio ambiente |
| 260 | _aNueva York : PNUD, 1991. | ||
| 300 | _a36 p.; 28 cm. il., lamns. | ||
| 690 | _aOrganismos internacionales- Informes anuales- PNUD | ||
| 710 | 2 | _aPNUD. Programa de las Naciones Unidas para el Desarrollo. | |
| 905 | _aUNESCO | ||
| 999 |
_c135169 _d135169 |
||